• 首页
  • 本馆介绍
  • 公告通知
  • 最新文献
  • 馆藏检索
  • 电子资源
  • 读者导购
  • 参考咨询
  • 我的图书馆
  • 登录
  • 详细信息显示
  • 放入我的书架
  • 预约/预借图书
  • 作者相关作品
  • 分类相关作品
  • 丛书相关作品
  • 出版社相关作品

书目信息

  • 表格格式
  • 工作单格式
  • 卡片格式
题名:
生理学实验
    
 
作者: 解景田 , 刘燕强 , 崔庚寅 主编
分册:  
出版信息: 北京   高等教育出版社  2016.08
页数: 275页
开本: 26cm
丛书名:
单 册:
中图分类: Q4-33
科图分类:
主题词: 生理学--sheng li xue--实验--高等教育--教材
电子资源:
ISBN: 978-7-04-045605-9
000 01140nam0 2200301 450
001 0106081855
005 20201109091435.06
010    @a978-7-04-045605-9@dCNY28.60
100    @a20181129e20192018em y0chiy50 ea
101 0  @achi
102    @aCN@b110000
105    @aa z 000yy
106    @ar
200 1  @a生理学实验@Asheng li xue shi yan@f解景田, 刘燕强, 崔庚寅主编
205    @a4版
210    @a北京@c高等教育出版社@d2016.08@h2019.12
215    @a275页@c图@d26cm
300    @a普通高等教育“十一五”国家级规划教材
312    @a封底英文题名:Experimental physiology
330    @a本书以高等院校“生理学实验”课程与教材持续建设为基础,共有11章72个实验项目,涵盖基本组织器官生理学实验教学内容,涉及整体与宏观生理学、器官与组织生理学、细胞与分子生理学的不同层面、不同深度的实验。
510 1  @aExperimental physiology@zeng
606 0  @a生理学@Asheng li xue@x实验@x高等教育@j教材
690    @aQ4-33@v5
701  0 @a解景田@Axie jing tian@4主编
701  0 @a刘燕强@Aliu yan qiang@c(动物生理生化)@4主编
701  0 @a崔庚寅@Acui geng yin@f(1951.1~)@4主编
801  0 @aCN@bBJSZM@c20201106
905    @b1193600-3@dQ4-33@e35=4@f4
    
    生理学实验/解景田, 刘燕强, 崔庚寅主编.-4版.-北京:高等教育出版社,2016.08(2019.12)
    275页:图;26cm
    普通高等教育“十一五”国家级规划教材
    
    ISBN 978-7-04-045605-9:CNY28.60
    本书以高等院校“生理学实验”课程与教材持续建设为基础,共有11章72个实验项目,涵盖基本组织器官生理学实验教学内容,涉及整体与宏观生理学、器官与组织生理学、细胞与分子生理学的不同层面、不同深度的实验。
●
相关链接 在E读中查询图书 在五车中查询图书 在当当中查询图书 在豆瓣中查询图书


正题名:生理学实验     索取号:Q4-33/35=4         预约/预借

序号 登录号 条形码 馆藏地/架位号 状态 备注
1 1193600   211936002   第二样本阅览室/ [索取号:Q4-33/35=4] 在馆    
2 1193601   211936011   第三借阅区/ [索取号:Q4-33/35=4] 在馆    
3 1193602   211936020   第三借阅区/ [索取号:Q4-33/35=4] 在馆    
4 1193603   211936039   第三借阅区/ [索取号:Q4-33/35=4] 在馆    
唐山师范学院图书馆 欢迎您!
大连网信软件有限公司© 版权所有